รัฐสภาสาธารณรัฐเกาหลี = The National Assembly of the Republic of Korea (ระเบียนเลขที่ 38479)
| 000 -LEADER | |
|---|---|
| fixed length control field | 02374nam a22003017a 4500 |
| 003 - CONTROL NUMBER IDENTIFIER | |
| control field | NALT |
| 005 - DATE AND TIME OF LATEST TRANSACTION | |
| control field | 20251125232930.0 |
| 008 - FIXED-LENGTH DATA ELEMENTS--GENERAL INFORMATION | |
| fixed length control field | s2545 th tha d |
| 040 ## - CATALOGING SOURCE | |
| Original cataloging agency | NALT |
| 041 ## - LANGUAGE CODE | |
| Language code of text/sound track or separate title | tha |
| 090 ## - LOCALLY ASSIGNED LC-TYPE CALL NUMBER (OCLC); LOCAL CALL NUMBER (RLIN) | |
| Classification number (OCLC) (R) ; Classification number, CALL (RLIN) (NR) | KD 219.K6.1 ภ414ร 2545 / สผ10 3.5 328.3 2545 |
| 100 0# - MAIN ENTRY--PERSONAL NAME | |
| Personal name | ภาคภูมิ มิ่งมิตร |
| 110 0# - MAIN ENTRY--CORPORATE NAME | |
| Corporate name or jurisdiction name as entry element | สำนักงานเลขาธิการสภาผู้แทนราษฎร. สำนักองค์การรัฐสภาระหว่างประเทศ |
| 245 10 - TITLE STATEMENT | |
| Title | รัฐสภาสาธารณรัฐเกาหลี = The National Assembly of the Republic of Korea |
| 260 3# - PUBLICATION, DISTRIBUTION, ETC. | |
| Place of publication, distribution, etc. | กรุงเทพฯ : |
| Name of publisher, distributor, etc. | สำนักการพิมพ์ สำนักงานเลขาธิการสภาผู้แทนราษฎร, |
| Date of publication, distribution, etc. | 2545 |
| 300 ## - PHYSICAL DESCRIPTION | |
| Extent | 40 หน้า : |
| Other physical details | แผนผัง ; |
| Dimensions | 29 ซม. |
| 505 2# - FORMATTED CONTENTS NOTE | |
| Formatted contents note | ภูมิหลังทางประวัติศาสตร์ -- ภูมิประเทศและประชากร -- รัฐธรรมนูญ -- ฝ่ายบริหาร -- ฝ่ายนิติบัญญัติ -- ฝ่ายตุลาการ -- สภาวการณ์ทางการเมืองในปี 2545 -- ความสัมพันธ์ระหว่างประเทศ |
| 610 ## - SUBJECT ADDED ENTRY--CORPORATE NAME | |
| Corporate name or jurisdiction name as entry element | สำนักงานเลขาธิการสภาผู้แทนราษฎร. สำนักองค์การรัฐสภาระหว่างประเทศ. กลุ่มงานกิจการพิเศษ |
| 650 04 - SUBJECT ADDED ENTRY--TOPICAL TERM | |
| Topical term or geographic name entry element | รัฐสภา |
| 650 04 - SUBJECT ADDED ENTRY--TOPICAL TERM | |
| Topical term or geographic name entry element | รัฐสภาสาธารณรัฐเกาหลี |
| 650 04 - SUBJECT ADDED ENTRY--TOPICAL TERM | |
| Topical term or geographic name entry element | เกาหลีใต้ -- การเมืองและการปกครอง |
| 650 04 - SUBJECT ADDED ENTRY--TOPICAL TERM | |
| Topical term or geographic name entry element | เกาหลีใต้ -- รัฐธรรมนูญ |
| 650 04 - SUBJECT ADDED ENTRY--TOPICAL TERM | |
| Topical term or geographic name entry element | เกาหลีใต้ -- รัฐธรรมนูญเกาหลีใต้ -- การเมืองและการปกครองรัฐสภาสาธารณรัฐเกาหลีรัฐสภา |
| 850 ## - HOLDING INSTITUTION | |
| Holding institution | NALT |
| 856 40 - ELECTRONIC LOCATION AND ACCESS | |
| Uniform Resource Identifier | <a href="https://hdl.handle.net/20.500.14156/467842">https://hdl.handle.net/20.500.14156/467842</a> |
| 942 ## - ADDED ENTRY ELEMENTS (KOHA) | |
| Koha item type | Law Book |
| Source of classification or shelving scheme | Library of Congress Classification |
| 998 ## - STAFF NAME (NALT) | |
| -- | 4576 |
| -- | นักศึกษาฝึกงาน-02 |
| Withdrawn status | Lost status | Source of classification or shelving scheme | Damaged status | Not for loan | Collection code | Home library | Current library | Total Checkouts | Full call number | Barcode | Date last seen | Copy number | Price effective from | Koha item type |
|---|---|---|---|---|---|---|---|---|---|---|---|---|---|---|
| Local Classification | Law Book collection | National Assembly Library of Thailand | National Assembly Library of Thailand | KD 219.K6.1 ภ414ร 2545 / สผ10 3.5 328.3 2545 | 3961169049 | 06/12/2018 | ล. 2 | 09/06/2017 | Law Book | |||||
| Law Book collection | National Assembly Library of Thailand | National Assembly Library of Thailand | KD 219.K6.1 ภ414ร 2545 / สผ10 3.5 328.3 2545 | 3961146084 | 09/06/2017 | ฉ. 1 | 09/06/2017 | Law Book |
